PRAMEHA (Record no. 8579)

MARC details
000 -LEADER
fixed length control field 00277nam a22001337a 4500
003 - CONTROL NUMBER IDENTIFIER
control field SGT
082 ## - DEWEY DECIMAL CLASSIFICATION NUMBER
Classification number 615
Item number P15M
100 ## - MAIN ENTRY--PERSONAL NAME
Personal name MANOHAR, SUJITHRA RAM
245 ## - TITLE STATEMENT
Title PRAMEHA
260 ## - PUBLICATION, DISTRIBUTION, ETC. (IMPRINT)
Place of publication, distribution, etc VARANASI
Name of publisher, distributor, etc CHAUKHAMBHA PUB
Year of Publication 2015
300 ## - PAGE DESCRIPTION
No. of Pages 425
650 ## - SUBJECT ADDED ENTRY--TOPICAL TERM
Topical term or geographic name as entry element AYURVEDA
942 ## - ADDED ENTRY ELEMENTS (KOHA)
Source of classification or shelving scheme Dewey Decimal Classification
Koha item type Books
942 ## - ADDED ENTRY ELEMENTS (KOHA)
-- 6
Holdings
Withdrawn status Lost status Source of classification or shelving scheme Damaged status Not for loan Collection code Home library Current library Shelving location Date acquired Vendor Name Cost, normal purchase price SGTU Bill Number Total Checkouts Full call number Accession No. (Barcode) Date last seen Bill Date Koha item type Date last borrowed
    Dewey Decimal Classification     AYURVEDA SGT FA-FP Library SGT FA-FP Library Text Book 25/03/2016 CHAUKHAMBHA 495.00 SGTU CP/B/776   615 P15M FA4346 25/03/2016 05/01/2016 Books  
    Dewey Decimal Classification     AYURVEDA SGT FA-FP Library SGT FA-FP Library Text Book 25/03/2016 CHAUKHAMBHA 495.00 SGTU CP/B/776   615 P15M FA4347 25/03/2016 05/01/2016 Books  
    Dewey Decimal Classification     AYURVEDA SGT FA-FP Library SGT FA-FP Library Text Book 25/03/2016 CHAUKHAMBHA 495.00 SGTU CP/B/776 8 615 P15M FA4348 08/02/2024 05/01/2016 Books 08/02/2024
    Dewey Decimal Classification     AYURVEDA SGT FA-FP Library SGT FA-FP Library Text Book 25/03/2016 CHAUKHAMBHA 495.00 SGTU CP/B/776   615 P15M FA4349 25/03/2016 05/01/2016 Books  
    Dewey Decimal Classification     AYURVEDA SGT FA-FP Library SGT FA-FP Library Text Book 25/03/2016 CHAUKHAMBHA 495.00 SGTU CP/B/776   615 P15M FA4350 25/03/2016 05/01/2016 Books